All Grand Slam Quarterfinals in the 2000s - Statistics

General Stats
  • This quiz has been taken 80 times
  • The average score is 206 of 320
Answer Stats
Year Tournament Round Player % Correct
QF Novak Djokovic
100%
SF Novak Djokovic
100%
SF Novak Djokovic
100%
F Novak Djokovic
100%
2008 Australian Open W Novak Djokovic
100%
SF Novak Djokovic
100%
SF Novak Djokovic
100%
QF Novak Djokovic
100%
QF Novak Djokovic
100%
SF Novak Djokovic
100%
2005 Roland Garros W Rafael Nadal
100%
2006 Roland Garros W Rafael Nadal
100%
F Rafael Nadal
100%
QF Rafael Nadal
100%
QF Rafael Nadal
100%
2007 Roland Garros W Rafael Nadal
100%
F Rafael Nadal
100%
SF Rafael Nadal
100%
2008 Roland Garros W Rafael Nadal
100%
2008 Wimbledon W Rafael Nadal
100%
SF Rafael Nadal
100%
2009 Australian Open W Rafael Nadal
100%
SF Rafael Nadal
100%
QF Roger Federer
100%
QF Roger Federer
100%
2003 Wimbledon W Roger Federer
100%
2004 Australian Open W Roger Federer
100%
2004 Wimbledon W Roger Federer
100%
2004 US Open W Roger Federer
100%
SF Roger Federer
100%
SF Roger Federer
100%
2005 Wimbledon W Roger Federer
100%
2005 US Open W Roger Federer
100%
2006 Australian Open W Roger Federer
100%
F Roger Federer
100%
2006 Wimbledon W Roger Federer
100%
2006 US Open W Roger Federer
100%
2007 Australian Open W Roger Federer
100%
F Roger Federer
100%
2007 Wimbledon W Roger Federer
100%
2007 US Open W Roger Federer
100%
SF Roger Federer
100%
F Roger Federer
100%
F Roger Federer
100%
2008 US Open W Roger Federer
100%
F Roger Federer
100%
2009 Roland Garros W Roger Federer
100%
2009 Wimbledon W Roger Federer
100%
F Roger Federer
100%
QF Andy Roddick
97%
QF Andy Roddick
97%
SF Andy Roddick
97%
SF Andy Roddick
97%
2003 US Open W Andy Roddick
97%
QF Andy Roddick
97%
F Andy Roddick
97%
QF Andy Roddick
97%
SF Andy Roddick
97%
F Andy Roddick
97%
F Andy Roddick
97%
SF Andy Roddick
97%
QF Andy Roddick
97%
QF Andy Roddick
97%
QF Andy Roddick
97%
SF Andy Roddick
97%
F Andy Roddick
97%
2000 Australian Open W Andre Agassi
93%
SF Andre Agassi
93%
2001 Australian Open W Andre Agassi
93%
QF Andre Agassi
93%
SF Andre Agassi
93%
QF Andre Agassi
93%
QF Andre Agassi
93%
F Andre Agassi
93%
2003 Australian Open W Andre Agassi
93%
QF Andre Agassi
93%
SF Andre Agassi
93%
SF Andre Agassi
93%
QF Andre Agassi
93%
QF Andre Agassi
93%
F Andre Agassi
93%
QF Andy Murray
93%
F Andy Murray
93%
QF Andy Murray
93%
SF Andy Murray
93%
QF Juan Martín del Potro
93%
QF Juan Martín del Potro
93%
SF Juan Martín del Potro
93%
2009 US Open W Juan Martín del Potro
93%
QF André Sá
90%
SF Lleyton Hewitt
90%
QF Lleyton Hewitt
90%
2001 US Open W Lleyton Hewitt
90%
2002 Wimbledon W Lleyton Hewitt
90%
SF Lleyton Hewitt
90%
QF Lleyton Hewitt
90%
QF Lleyton Hewitt
90%
QF Lleyton Hewitt
90%
F Lleyton Hewitt
90%
F Lleyton Hewitt
90%
SF Lleyton Hewitt
90%
SF Lleyton Hewitt
90%
QF Lleyton Hewitt
90%
QF Lleyton Hewitt
90%
QF Lleyton Hewitt
90%
QF Marat Safin
87%
2000 US Open W Marat Safin
87%
QF Marat Safin
87%
SF Marat Safin
87%
F Marat Safin
87%
SF Marat Safin
87%
F Marat Safin
87%
2005 Australian Open W Marat Safin
87%
SF Marat Safin
87%
QF David Ferrer
83%
SF David Ferrer
83%
QF David Ferrer
83%
QF David Ferrer
83%
2001 Wimbledon W Goran Ivanišević
83%
SF Pete Sampras
83%
2000 Wimbledon W Pete Sampras
83%
F Pete Sampras
83%
F Pete Sampras
83%
2002 US Open W Pete Sampras
83%
SF Juan Carlos Ferrero
80%
SF Juan Carlos Ferrero
80%
F Juan Carlos Ferrero
80%
QF Juan Carlos Ferrero
80%
2003 Roland Garros W Juan Carlos Ferrero
80%
F Juan Carlos Ferrero
80%
SF Juan Carlos Ferrero
80%
QF Juan Carlos Ferrero
80%
QF Juan Carlos Ferrero
80%
2000 Roland Garros W Gustavo Kuerten
77%
2001 Roland Garros W Gustavo Kuerten
77%
QF Gustavo Kuerten
77%
QF Gustavo Kuerten
77%
F Jo-Wilfried Tsonga
77%
QF Jo-Wilfried Tsonga
77%
SF Richard Gasquet
73%
QF Tomáš Berdych
73%
F Patrick Rafter
70%
SF Patrick Rafter
70%
F Patrick Rafter
70%
F Robin Söderling
70%
QF Robin Söderling
70%
QF Marin Čilić
67%
QF Carlos Moyá
63%
QF Carlos Moyá
63%
QF Carlos Moyá
63%
QF Carlos Moyá
63%
QF Carlos Moyá
63%
QF Fernando González
63%
QF Fernando González
63%
QF Fernando González
63%
F Fernando González
63%
QF Fernando González
63%
SF Fernando González
63%
QF Fernando González
63%
SF Fernando Verdasco
63%
QF Fernando Verdasco
63%
2004 Roland Garros W Gastón Gaudio
63%
F Marcos Baghdatis
63%
SF Marcos Baghdatis
63%
QF Marcos Baghdatis
63%
F Yevgeny Kafelnikov
63%
QF Yevgeny Kafelnikov
63%
QF Yevgeny Kafelnikov
63%
QF Yevgeny Kafelnikov
63%
SF Yevgeny Kafelnikov
63%
F David Nalbandian
60%
QF David Nalbandian
60%
SF David Nalbandian
60%
QF David Nalbandian
60%
SF David Nalbandian
60%
QF David Nalbandian
60%
QF David Nalbandian
60%
QF David Nalbandian
60%
SF David Nalbandian
60%
SF David Nalbandian
60%
SF Gaël Monfils
60%
QF Gaël Monfils
60%
QF Albert Costa
57%
2002 Roland Garros W Albert Costa
57%
SF Albert Costa
57%
SF Joachim Johansson
57%
QF Nikolay Davydenko
57%
SF Nikolay Davydenko
57%
QF Nikolay Davydenko
57%
QF Nikolay Davydenko
57%
SF Nikolay Davydenko
57%
QF Nikolay Davydenko
57%
SF Nikolay Davydenko
57%
SF Nikolay Davydenko
57%
QF Nikolay Davydenko
57%
QF Thomas Johansson
57%
2002 Australian Open W Thomas Johansson
57%
SF Thomas Johansson
57%
SF Guillermo Coria
53%
QF Guillermo Coria
53%
F Guillermo Coria
53%
QF Guillermo Coria
53%
SF Tommy Haas
53%
QF Tommy Haas
53%
QF Tommy Haas
53%
SF Tommy Haas
53%
QF Tommy Haas
53%
SF Tommy Haas
53%
QF Byron Black
50%
F Mariano Puerta
50%
QF Mark Philippoussis
50%
F Mark Philippoussis
50%
SF Tim Henman
50%
SF Tim Henman
50%
QF Tim Henman
50%
SF Tim Henman
50%
QF Tim Henman
50%
SF Tim Henman
50%
QF Feliciano López
47%
QF Feliciano López
47%
QF James Blake
47%
QF James Blake
47%
QF James Blake
47%
QF Nicolás Almagro
47%
QF Tommy Robredo
47%
QF Tommy Robredo
47%
QF Tommy Robredo
47%
QF Tommy Robredo
47%
QF Tommy Robredo
47%
QF Gilles Simon
43%
F Rainer Schüttler
43%
SF Rainer Schüttler
43%
SF Sébastien Grosjean
43%
SF Sébastien Grosjean
43%
QF Sébastien Grosjean
43%
QF Sébastien Grosjean
43%
SF Sébastien Grosjean
43%
QF Sébastien Grosjean
43%
SF Sébastien Grosjean
43%
QF Sébastien Grosjean
43%
QF Sébastien Grosjean
43%
QF Ivan Ljubičić
40%
SF Ivan Ljubičić
40%
SF Magnus Norman
40%
F Magnus Norman
40%
SF Mario Ančić
40%
QF Mario Ančić
40%
QF Mario Ančić
40%
QF Mario Ančić
40%
QF Mardy Fish
37%
QF Mardy Fish
37%
SF Mikhail Youzhny
37%
QF Mikhail Youzhny
37%
QF Nicolas Kiefer
37%
QF Nicolas Kiefer
37%
SF Nicolas Kiefer
37%
QF Radek Štěpánek
37%
QF Àlex Corretja
33%
F Àlex Corretja
33%
SF Àlex Corretja
33%
QF Arnaud Clément
33%
F Arnaud Clément
33%
QF Arnaud Clément
33%
QF Ernests Gulbis
33%
SF Jiří Novák
33%
QF Marcelo Ríos
33%
F Martin Verkerk
30%
QF Richard Krajicek
30%
QF Richard Krajicek
30%
QF Thomas Enqvist
30%
SF Todd Martin
30%
QF Todd Martin
30%
SF Xavier Malisse
30%
QF Jonas Björkman
27%
QF Jonas Björkman
27%
SF Jonas Björkman
27%
QF Gilles Müller
23%
QF Igor Andreev
23%
QF Juan Ignacio Chela
23%
QF Juan Ignacio Chela
23%
QF Sjeng Schalken
23%
SF Sjeng Schalken
23%
QF Sjeng Schalken
23%
QF Sjeng Schalken
23%
QF Sjeng Schalken
23%
QF Wayne Ferreira
23%
SF Wayne Ferreira
23%
QF Guillermo Cañas
20%
QF Guillermo Cañas
20%
QF Guillermo Cañas
20%
QF Ivo Karlović
20%
QF Jan-Michael Gambill
20%
QF Nicolás Lapentti
20%
SF Robert Ginepri
20%
QF Younes el Aynaoui
20%
QF Younes el Aynaoui
20%
QF Younes el Aynaoui
20%
QF Younes el Aynaoui
20%
QF Andrei Pavel
17%
QF Dominik Hrbatý
17%
QF Dominik Hrbatý
17%
QF Dominik Hrbatý
17%
QF Fabrice Santoro
17%
QF Florian Mayer
17%
QF Jarkko Nieminen
17%
QF Jarkko Nieminen
17%
QF Jarkko Nieminen
17%
QF Julien Benneteau
17%
QF Nicolas Escudé
17%
SF Vladimir Voltchkov
17%
SF Franco Squillari
13%
QF Hicham Arazi
13%
QF Hicham Arazi
13%
QF Chris Woodruff
10%
QF Mariano Zabaleta
10%
QF Max Mirnyi
10%
QF Alexander Popp
7%
QF Alexander Popp
7%
QF Stefan Koubek
7%
QF Victor Hănescu
7%
No matching quizzes found
Score Distribution
Percent of People with Each Score
Percentile by Number Answered
Your Score History
You have not taken this quiz